000
00303nam a22001337a 4500
008
181107b xxu||||| |||| 00| 0 eng d
020
_a
0582988306
041
_a
eng
080
_a
336
100
_a
52
101
_a
MAN
245
_a
Mnaging Business And Public Policy
_c
Aram.J.D
942
_2
udc
_c
BK
999
_c
52195
_d
52195